[Event "Unive Open"]
[Site "Hoogeveen NED"]
[Date "2010.10.28"]
[Round "7"]
[White "Vocaturo, Daniele"]
[Black "Haslinger, Stewart G"]
[Result "1/2-1/2"]
[WhiteTitle "GM"]
[BlackTitle "GM"]
[WhiteElo "2581"]
[BlackElo "2543"]
[WhiteFideId "813192"]
[BlackFideId "405248"]
[EventDate "2010.10.22"]

1. e4 e5 2. Bc4 Nf6 3. d3 Nc6 4. Nf3 Bc5 5. c3 a6 6. O-O Ba7 7. Nbd2 d6 8. Bb3
O-O 9. Re1 Kh8 10. Re2 Ng4 11. h3 Nh6 12. Nf1 f5 13. Bxh6 gxh6 14. exf5 Bxf5 15.
Bd5 Qf6 16. Qd2 Ne7 17. Bxb7 Rab8 18. Be4 Bxh3 19. gxh3 Rg8+ 20. Kh1 d5 21. N1h2
dxe4 22. Rxe4 Ng6 23. Qxh6 Rxb2 24. Nxe5 Rxf2 25. Nxg6+ Qxg6 26. Qxg6 Rxg6 27.
d4 Rc2 28. Re3 c5 29. Re7 Bb8 30. Ng4 Rxc3 31. Rb1 Rxh3+ 32. Kg2 Rg3+ 33. Kf2
R3xg4 34. Rxb8+ Rg8 35. Rxg8+ Kxg8 36. dxc5 Rc4 37. Ra7 Rxc5 38. Rxa6 1/2-1/2

[Event "Unive Open"]
[Site "Hoogeveen NED"]
[Date "2010.10.28"]
[Round "7"]
[White "Pavlovic, Milos"]
[Black "Dvirnyy, Daniyyl"]
[Result "1/2-1/2"]
[WhiteTitle "GM"]
[BlackTitle "IM"]
[WhiteElo "2531"]
[BlackElo "2481"]
[WhiteFideId "900389"]
[BlackFideId "817570"]
[EventDate "2010.10.22"]

1. d4 Nf6 2. c4 e6 3. Nc3 Bb4 4. e3 O-O 5. Bd3 c5 6. Nf3 Bxc3+ 7. bxc3 d5 8. O-O
dxc4 9. Bxc4 Qc7 10. a3 Nc6 11. Qc2 Rd8 12. Bd3 e5 13. Bb2 Bg4 14. Ng5 h6 15.
Ne4 Nxe4 16. Bxe4 Na5 17. d5 Nc4 18. h3 Bd7 19. a4 f5 20. d6 Qxd6 21. Bxb7 Rab8
22. Rfd1 Qb6 23. Bd5+ Be6 24. Bxc4 Rxd1+ 25. Qxd1 Bxc4 26. Ba3 Rd8 27. Qb1 Bd3
28. Qxb6 axb6 29. a5 bxa5 30. Bxc5 Ra8 31. f4 e4 32. g4 fxg4 33. hxg4 a4 34. Kf2
Kf7 35. f5 g6 36. Kg3 gxf5 37. gxf5 Ra5 38. Bb6 Ra6 39. Bc5 Ra5 40. Bb6 1/2-1/2

[Event "Unive Open"]
[Site "Hoogeveen NED"]
[Date "2010.10.28"]
[Round "7"]
[White "Matsenko, Sergei"]
[Black "L'Ami, Erwin"]
[Result "1/2-1/2"]
[WhiteTitle "IM"]
[BlackTitle "GM"]
[WhiteElo "2461"]
[BlackElo "2624"]
[WhiteFideId "4170083"]
[BlackFideId "1007998"]
[EventDate "2010.10.22"]

1. e4 e5 2. Nf3 Nc6 3. Bb5 Nf6 4. d3 d6 5. c3 Bd7 6. Nbd2 g6 7. Nf1 Bg7 8. Ng3
O-O 9. O-O Qe8 10. Re1 Nd4 11. Nxd4 Bxb5 12. Nxb5 Qxb5 13. a4 Qd7 14. f4 exf4
15. Bxf4 Rae8 16. Qd2 Re6 17. Bh6 Qe7 18. Bxg7 Kxg7 19. Rf1 Re5 20. Rf4 Nh5 21.
Nxh5+ Rxh5 22. Raf1 d5 23. Qf2 c5 24. h3 b6 25. Qf3 dxe4 26. Rxe4 Qd6 27. Rf4
Qd5 28. Qf2 Re5 29. d4 cxd4 30. Qxd4 Qxd4+ 31. Rxd4 f5 32. Rd7+ Rf7 33. Rfd1
Ree7 34. Rxe7 1/2-1/2

[Event "Unive Open"]
[Site "Hoogeveen NED"]
[Date "2010.10.28"]
[Round "7"]
[White "Stella, Andrea"]
[Black "Moskalenko, Viktor"]
[Result "1/2-1/2"]
[WhiteTitle "FM"]
[BlackTitle "GM"]
[WhiteElo "2334"]
[BlackElo "2580"]
[WhiteFideId "827061"]
[BlackFideId "14100100"]
[EventDate "2010.10.22"]

1. Nf3 d5 2. d4 e6 3. c4 c6 4. e3 f5 5. Bd3 Nf6 6. O-O Bd6 7. b3 Qe7 8. Bb2 O-O
9. Qc1 Ne4 10. Ba3 Nd7 11. Bxd6 Nxd6 12. Nc3 Ne4 13. Qb2 b6 14. b4 Bb7 15. Ne2
Rab8 1/2-1/2

[Event "Unive Open"]
[Site "Hoogeveen NED"]
[Date "2010.10.28"]
[Round "7"]
[White "Bonafede, Alessandro"]
[Black "Sengupta, Deep"]
[Result "1/2-1/2"]
[WhiteTitle "FM"]
[BlackTitle "GM"]
[WhiteElo "2280"]
[BlackElo "2558"]
[WhiteFideId "813826"]
[BlackFideId "5008352"]
[EventDate "2010.10.22"]

1. e4 e6 2. Qe2 c5 3. Nf3 Nc6 4. g3 g6 5. Bg2 Bg7 6. O-O Nge7 7. c3 d5 8. d3 b6
9. Na3 Ba6 10. e5 h6 11. h4 Qc7 12. Re1 O-O-O 13. Bd2 b5 14. d4 Qb7 15. Bf1 c4
16. b3 Qb6 17. Reb1 Qa5 18. Nc2 Kd7 19. Ne3 Rb8 20. Ng4 Qc7 21. Nf6+ Kc8 22. Qe1
Na5 23. Bc1 Nec6 24. Bh3 Qd8 25. b4 Nb7 26. Bf4 Ne7 27. Kg2 Qc7 28. Qd2 Nd8 29.
Re1 Kb7 30. Nh2 Ka8 31. Nhg4 Nf5 32. Nh2 Ne7 33. Nf3 Ndc6 34. a4 Rb6 35. a5 Rbb8
36. Rh1 Rbf8 37. g4 Bb7 38. Rae1 Qd8 39. g5 h5 40. Kf1 Nb8 41. Ng1 Nec6 42. Bg3
Qe7 43. Rb1 Rc8 44. Ne2 Na6 45. Kg1 Rc7 46. Kh2 Bf8 47. Rhc1 Bg7 48. Nf4 Rd8 49.
Bg2 Rcc8 50. Ne2 Bf8 51. Qe3 1/2-1/2

[Event "Unive Open"]
[Site "Hoogeveen NED"]
[Date "2010.10.28"]
[Round "7"]
[White "Perez Candelario, Manuel"]
[Black "Saravanan, V."]
[Result "1-0"]
[WhiteTitle "IM"]
[BlackTitle "IM"]
[WhiteElo "2526"]
[BlackElo "2408"]
[WhiteFideId "2210622"]
[BlackFideId "5000580"]
[EventDate "2010.10.22"]

1. e4 e5 2. Nf3 Nc6 3. Bb5 a6 4. Ba4 Nf6 5. O-O Bc5 6. c3 b5 7. Bb3 d6 8. d4 Bb6
9. a4 Bg4 10. Bg5 Rb8 11. axb5 axb5 12. Bd5 Ne7 13. Bxf6 gxf6 14. h3 Bh5 15. Qd3
Nxd5 16. exd5 O-O 17. Nh4 Re8 18. Nd2 exd4 19. cxd4 Bg6 20. Nxg6 hxg6 21. Rfe1
Qd7 22. Nf3 Kg7 23. Rac1 Rxe1+ 24. Rxe1 Ra8 25. g4 b4 26. Re4 Ra4 27. Qe3 Qb5
28. Re8 Qd7 29. Re7 Qc8 30. Qe6 Qf8 31. g5 f5 32. Nh4 Kg8 33. Qe2 Qg7 34. Re8+
Kh7 35. Nxf5 1-0

[Event "Unive Open"]
[Site "Hoogeveen NED"]
[Date "2010.10.28"]
[Round "7"]
[White "Ulibin, Mikhail"]
[Black "Ris, Robert"]
[Result "1-0"]
[WhiteTitle "GM"]
[BlackTitle "IM"]
[WhiteElo "2544"]
[BlackElo "2416"]
[WhiteFideId "4101405"]
[BlackFideId "1011480"]
[EventDate "2010.10.22"]

1. c4 Nf6 2. Nc3 d5 3. cxd5 Nxd5 4. d4 g6 5. Bd2 Nb6 6. Nf3 Bg7 7. Rc1 O-O 8.
Bg5 h6 9. Bh4 g5 10. Bg3 c5 11. dxc5 Bxc3+ 12. Rxc3 Qxd1+ 13. Kxd1 Na4 14. Rc1
Rd8+ 15. Ke1 Na6 16. c6 bxc6 17. b3 N4c5 18. Ne5 Ne4 19. Nxc6 Rd7 20. f3 Nxg3
21. hxg3 Rc7 22. Rc2 Bf5 23. e4 Rac8 24. Rxh6 Be6 25. Bxa6 Rxc6 26. Bxc8 Rxc2
27. Bxe6 fxe6 28. Rxe6 Rxg2 29. g4 1-0

[Event "Unive Open"]
[Site "Hoogeveen NED"]
[Date "2010.10.28"]
[Round "7"]
[White "Nyzhnyk, Illya"]
[Black "Raznikov, Danny"]
[Result "1-0"]
[WhiteTitle "IM"]
[BlackTitle "FM"]
[WhiteElo "2538"]
[BlackElo "2354"]
[WhiteFideId "14118084"]
[BlackFideId "2811154"]
[EventDate "2010.10.22"]

1. e4 c5 2. Nf3 d6 3. d4 cxd4 4. Nxd4 Nf6 5. f3 e5 6. Bb5+ Nbd7 7. Nf5 d5 8.
exd5 a6 9. Bd3 Nc5 10. c4 b5 11. Bc2 bxc4 12. Nc3 Nd3+ 13. Bxd3 cxd3 14. Qxd3
Qd7 15. Ne3 a5 16. Bd2 Ba6 17. Qf5 Qxf5 18. Nxf5 g6 19. Ng3 Nd7 20. O-O-O f5 21.
f4 Bd6 22. Nge2 Kf7 23. Kb1 Rhb8 24. Ka1 a4 25. g3 Nc5 26. Nc1 Rb7 27. Be3 Rab8
28. Bxc5 Bxc5 29. Nxa4 Bd6 30. Nb3 exf4 31. gxf4 Rb4 32. Nc3 Rxf4 33. Rd2 Re8
34. Nd4 Kf6 35. Ndb5 Be5 36. d6 Bxb5 37. Nxb5 Rb4 38. Nc7 1-0

[Event "Unive Open"]
[Site "Hoogeveen NED"]
[Date "2010.10.28"]
[Round "7"]
[White "Ducarmon, Quinten"]
[Black "Caspi, Israel"]
[Result "1-0"]
[BlackTitle "IM"]
[WhiteElo "2243"]
[BlackElo "2457"]
[WhiteFideId "1025007"]
[BlackFideId "2807394"]
[EventDate "2010.10.22"]

1. e4 c5 2. Nf3 e6 3. d4 cxd4 4. Nxd4 a6 5. Be2 Nf6 6. Nc3 d6 7. O-O Be7 8. f4
O-O 9. Be3 Nc6 10. Qe1 Qc7 11. Qg3 Bd7 12. Rad1 b5 13. e5 dxe5 14. fxe5 Nxe5 15.
Bf4 Bd6 16. Nb3 Ne8 17. Rxd6 Qxd6 18. Bxe5 Qe7 19. Ne4 f6 20. Bd4 Rf7 21. Bh5 g6
22. Bxg6 hxg6 23. Bxf6 Rxf6 24. Nxf6+ Nxf6 25. Qxg6+ Qg7 26. Qxf6 Qxf6 27. Rxf6
Kg7 28. Rf2 Bc6 29. Nd4 Bd5 30. a3 Rh8 31. h3 Kg6 32. Kh2 e5 33. Nf5 Be6 34. g4
Rd8 35. Nh4+ Kg7 36. Nf3 Rd5 37. Re2 Kf6 38. Kg3 a5 39. h4 b4 40. axb4 axb4 41.
h5 Rc5 42. h6 Bg8 43. g5+ Kf5 44. Rxe5+ Rxe5 45. Nxe5 Kxg5 46. Nd3 b3 47. c3
Kxh6 48. Kf4 Kg6 49. Ke4 Kf6 50. Kd4 Ke6 51. c4 Kd6 52. Kc3 Bh7 53. Nc1 Kc6 54.
Nxb3 Bg6 55. Nd4+ Kb6 56. Kb4 Be8 57. Kc3 Bd7 58. b4 Be8 59. b5 1-0

[Event "Unive Open"]
[Site "Hoogeveen NED"]
[Date "2010.10.28"]
[Round "7"]
[White "Rombaldoni, Axel"]
[Black "Timmermans, Ivo"]
[Result "1-0"]
[WhiteTitle "IM"]
[WhiteElo "2453"]
[BlackElo "2209"]
[WhiteFideId "815837"]
[BlackFideId "1002910"]
[EventDate "2010.10.22"]

1. e4 e5 2. Nf3 Nc6 3. Bc4 Nf6 4. d3 Be7 5. O-O O-O 6. Re1 d6 7. a4 Kh8 8. a5 a6
9. h3 Ng8 10. Nc3 f5 11. Nd5 fxe4 12. dxe4 Nf6 13. Ng5 Nxd5 14. Nxh7 Nf4 15.
Nxf8 1-0

[Event "Unive Open"]
[Site "Hoogeveen NED"]
[Date "2010.10.28"]
[Round "7"]
[White "Mellema, Andries"]
[Black "Naroditsky, Daniel"]
[Result "0-1"]
[BlackTitle "FM"]
[WhiteElo "2153"]
[BlackElo "2425"]
[WhiteFideId "1011464"]
[BlackFideId "2026961"]
[EventDate "2010.10.22"]

1. e4 c5 2. Nf3 d6 3. d4 cxd4 4. Nxd4 Nf6 5. Nc3 a6 6. h3 g6 7. g4 Bg7 8. Bg2
O-O 9. Be3 Nbd7 10. g5 Nh5 11. Bf3 Nf4 12. Bxf4 e5 13. Be3 exd4 14. Bxd4 Ne5 15.
Be2 Qxg5 16. Be3 Qg2 17. Kd2 b5 18. Qf1 Nf3+ 19. Kd3 Be6 20. Bxf3 Qxf3 21. Qd1
Qf6 22. Ke2 Bc4+ 23. Ke1 Rae8 24. a3 a5 25. Qg4 h5 26. Qg2 b4 27. axb4 axb4 28.
Nd1 d5 29. Ra4 Rxe4 30. Rxb4 Bf1 31. Qxe4 dxe4 32. Rxf1 Rd8 33. c3 Qa6 34. Rg1
Qd3 35. Bd4 Bh6 36. Ne3 Ra8 0-1

[Event "Unive Open"]
[Site "Hoogeveen NED"]
[Date "2010.10.28"]
[Round "7"]
[White "Hendriks, Willy"]
[Black "Hendriks, Peter"]
[Result "1-0"]
[WhiteTitle "IM"]
[WhiteElo "2424"]
[BlackElo "2082"]
[WhiteFideId "1000713"]
[BlackFideId "1009516"]
[EventDate "2010.10.22"]

1. e4 g6 2. d4 Bg7 3. Nc3 d6 4. Bg5 Nd7 5. Nf3 a6 6. a4 c5 7. d5 Qa5 8. Bd2 Ngf6
9. Be2 O-O 10. O-O Ng4 11. h3 Nge5 12. Nh2 f5 13. f4 Nf7 14. Nf3 c4 15. exf5
Qc5+ 16. Kh2 gxf5 17. Be1 Nf6 18. Bf2 Qc7 19. Bd4 e5 20. dxe6 Bxe6 21. Bxf6 Bxf6
22. Nd4 Nd8 23. Bf3 Kh8 24. Re1 Bg8 25. Nce2 Qc5 26. c3 Nc6 27. Qd2 Rad8 28.
Rad1 Rfe8 29. Bxc6 bxc6 30. Ng3 Bxd4 1-0

[Event "Unive Open"]
[Site "Hoogeveen NED"]
[Date "2010.10.28"]
[Round "7"]
[White "L'Ami, Alina"]
[Black "Slingerland, Caroline"]
[Result "1-0"]
[WhiteTitle "WGM"]
[BlackTitle "WFM"]
[WhiteElo "2339"]
[BlackElo "2081"]
[WhiteFideId "1210246"]
[BlackFideId "1002732"]
[EventDate "2010.10.22"]

1. d4 d5 2. c4 e6 3. Nf3 Nf6 4. Nc3 c6 5. Bg5 Nbd7 6. e3 Qa5 7. cxd5 Nxd5 8. Qd2
Bb4 9. Rc1 Nxc3 10. bxc3 Ba3 11. Rb1 h6 12. Bf4 Nf6 13. Bd3 Nd5 14. Be5 O-O 15.
O-O Be7 16. e4 Nf6 17. Bf4 Nh7 18. e5 f5 19. exf6 Rxf6 20. Ne5 Qd8 21. Ng4 Rf8
22. Be5 Bg5 23. f4 Be7 24. Bxh7+ Kxh7 25. Qd3+ g6 26. Nxh6 Kxh6 27. Qh3+ Bh4 28.
g4 Rf5 29. g5+ Rxg5+ 30. fxg5+ Qxg5+ 31. Kh1 Kh5 32. Rf8 Qg4 33. Rh8+ Kg5 34.
Bf6+ Kf5 35. Rf1+ 1-0

[Event "Unive Open"]
[Site "Hoogeveen NED"]
[Date "2010.10.28"]
[Round "7"]
[White "Kollen, Zyon"]
[Black "Tondivar, Babak"]
[Result "1/2-1/2"]
[BlackTitle "FM"]
[WhiteElo "2046"]
[BlackElo "2302"]
[WhiteFideId "1024256"]
[BlackFideId "12501239"]
[EventDate "2010.10.22"]

1. e4 c6 2. d4 d5 3. e5 Bf5 4. Nc3 e6 5. g4 Bg6 6. Nge2 c5 7. h4 h5 8. Nf4 Bh7
9. Nxh5 Nc6 10. Be3 cxd4 11. Bxd4 Bxc2 12. Qxc2 Nxd4 13. Qa4+ Nc6 14. Bb5 Qb6
15. Rc1 Bc5 16. Qf4 g6 17. Nf6+ Nxf6 18. Qxf6 Rh7 19. h5 Be7 20. Qf3 O-O-O 21.
hxg6 Rxh1+ 22. Qxh1 fxg6 23. Bxc6 bxc6 24. Ne2 Rf8 25. f4 Qxb2 26. Qh7 Kd7 27.
Kd1 Qxa2 28. Rxc6 Qa4+ 29. Rc2 Rb8 30. f5 Rb1+ 31. Kd2 Qb4+ 32. Ke3 Qe4+ 33. Kd2
gxf5 34. Rc7+ Kxc7 35. Qxe7+ Kb8 36. Qd8+ Kb7 37. Qd7+ Kb6 38. Qd6+ Kb7 39. Qd7+
Ka6 40. Qd6+ Rb6 41. Qa3+ Kb7 42. Qe7+ Kb8 43. Qd8+ 1/2-1/2

[Event "Unive Open"]
[Site "Hoogeveen NED"]
[Date "2010.10.28"]
[Round "7"]
[White "Warmelink, Evie"]
[Black "Goudriaan, Etienne"]
[Result "1-0"]
[WhiteElo "1977"]
[BlackElo "2253"]
[WhiteFideId "1028154"]
[BlackFideId "1021150"]
[EventDate "2010.10.22"]

1. e4 c5 2. Nc3 a6 3. g3 b5 4. Bg2 Bb7 5. d3 e6 6. f4 b4 7. Nce2 f5 8. Nh3 Nh6
9. Nf2 Be7 10. Be3 O-O 11. O-O Qb6 12. h3 d5 13. Kh2 Nd7 14. Ng1 dxe4 15. dxe4
Rad8 16. Qe2 Nf6 17. e5 Bxg2 18. Kxg2 Qc6+ 19. Nf3 Nd5 20. Kh2 Nf7 21. a3 Qb5
22. Nd3 bxa3 23. bxa3 c4 24. Nb4 Nxe3 25. Qxe3 a5 26. Na2 Qb2 27. Qc3 Qxc3 28.
Nxc3 g5 29. Nb5 Rb8 30. a4 Bc5 31. Rfd1 gxf4 32. gxf4 Be3 33. Kg3 Rfd8 34. Nfd4
Rb6 35. c3 Rd5 36. Kf3 Bxf4 37. Kxf4 Nxe5 38. Nc7 Ng6+ 39. Kf3 Re5 40. Re1 Kf7
41. Ncxe6 Rb2 42. Rab1 Ra2 43. Rxe5 Nxe5+ 44. Kf4 Kf6 45. Rb6 Nd3+ 46. Kg3 Ke5
47. Rb5+ Kd6 48. Nf4 Rxa4 49. Nxf5+ Kc6 50. Nd4+ Kc7 51. Nxd3 cxd3 52. Kf3 Ra3
53. Rc5+ Kb6 54. Rc6+ Kb7 55. Ke3 Ra1 56. Rh6 Rd1 57. Rxh7+ Kb6 58. Rh6+ Kb7 59.
Nb3 a4 60. Nc5+ Kc7 61. Nxa4 d2 62. Ke2 Ra1 63. Nb2 Ra2 64. Nd1 Kd7 65. Rh4 1-0

[Event "Unive Open"]
[Site "Hoogeveen NED"]
[Date "2010.10.28"]
[Round "7"]
[White "Slingerland, Fred"]
[Black "Hovenga, Alje"]
[Result "1-0"]
[WhiteTitle "IM"]
[WhiteElo "2411"]
[BlackElo "2176"]
[WhiteFideId "1002473"]
[BlackFideId "1005812"]
[EventDate "2010.10.22"]

1. e4 c6 2. d4 d5 3. Nc3 dxe4 4. Nxe4 Nd7 5. Nf3 Ngf6 6. Nxf6+ Nxf6 7. c3 Bg4 8.
h3 Bxf3 9. Qxf3 Qd5 10. Be2 e6 11. O-O Bd6 12. Be3 O-O 13. c4 Qxf3 14. Bxf3 Rfe8
15. Rfd1 Rac8 16. a3 a6 17. b4 h6 18. Rab1 Red8 19. a4 b5 20. Be2 Rb8 21. Rdc1
Bf8 22. Bf3 Rbc8 23. Rc2 bxc4 24. Rxc4 Nd5 25. Bxd5 exd5 26. Rc2 Be7 27. g3 Kf8
28. Rbc1 Bxb4 29. Rxc6 Rxc6 30. Rxc6 Rd6 31. Rc8+ Ke7 32. Rg8 g5 33. Rh8 Rc6 34.
Kg2 Bc3 35. Kf3 Rc4 36. Rxh6 f6 37. Rh7+ Ke6 38. a5 Bxa5 39. Ra7 Rc6 40. h4 gxh4
41. gxh4 Bb4 42. Kg4 a5 43. h5 f5+ 44. Kg5 Be7+ 45. Kg6 Bf6 46. f4 Be7 47. Rxa5
Rc2 48. Ra6+ Bd6 49. h6 Rg2+ 50. Kh7 Rc2 51. Rb6 Rg2 52. Bc1 Kd7 53. Rb7+ Bc7
54. Ra7 Kc6 55. Ra6+ Bb6 56. Ba3 Kb5 57. Rxb6+ Kxb6 58. Bf8 Rg4 59. Bg7 Rxf4 60.
Kg6 Rh4 61. Kxf5 Kb5 62. Kg6 1-0

[Event "Unive Open"]
[Site "Hoogeveen NED"]
[Date "2010.10.28"]
[Round "7"]
[White "De Jong, Migchiel"]
[Black "Vroombout, Enrico"]
[Result "1-0"]
[WhiteTitle "FM"]
[WhiteElo "2397"]
[BlackElo "2147"]
[WhiteFideId "1002848"]
[BlackFideId "1008730"]
[EventDate "2010.10.22"]

1. e4 c5 2. Nf3 d6 3. d4 cxd4 4. Nxd4 Nf6 5. Nc3 a6 6. Be3 e6 7. f3 Nbd7 8. g4
h6 9. a4 Ne5 10. h3 d5 11. f4 Nc6 12. g5 hxg5 13. fxg5 Nxe4 14. Nxe4 Nxd4 15.
Qxd4 dxe4 16. Qxd8+ Kxd8 17. Bg2 Bd7 18. Bxe4 Bc6 19. Bxc6 bxc6 20. O-O-O+ Ke8
21. h4 Rd8 22. Rxd8+ Kxd8 23. h5 f5 24. Bd4 Be7 25. Bxg7 Bxg5+ 26. Kd1 Rh7 27.
h6 Ke7 28. b4 e5 29. Rh5 Bf6 30. Rxf5 Bxg7 31. hxg7 Rxg7 32. Rxe5+ Kd6 33. Ra5
Rg4 34. c3 Rg2 35. Rxa6 Kc7 36. Ra5 Ra2 37. Kc1 Kb6 38. Kb1 Rh2 39. Rf5 Rg2 40.
Rf6 Kb7 41. a5 Rh2 42. Rf5 Rg2 43. Rc5 Rh2 44. c4 Rg2 45. b5 cxb5 46. cxb5 Rh2
47. b6 Rh7 48. Kc2 Ka6 49. Kd3 Rh3+ 50. Ke4 Rh7 51. Ke5 Kb7 52. Kf6 Rd7 53. Re5
Rd8 54. Re7+ Kc6 55. Rc7+ Kb5 56. Ra7 Kc6 57. b7 Rd6+ 58. Ke5 Rd5+ 59. Ke4 Rb5
60. a6 Rb4+ 61. Kd3 1-0

[Event "Unive Open"]
[Site "Hoogeveen NED"]
[Date "2010.10.28"]
[Round "7"]
[White "Pijpers, Arthur"]
[Black "Bezemer, Arno"]
[Result "1-0"]
[BlackTitle "FM"]
[WhiteElo "2248"]
[BlackElo "2318"]
[WhiteFideId "1019554"]
[BlackFideId "1001396"]
[EventDate "2010.10.22"]

1. e4 Nf6 2. e5 Nd5 3. d4 d6 4. c4 Nb6 5. exd6 exd6 6. Nc3 Nc6 7. h3 Be7 8. Nf3
O-O 9. Be2 Bf5 10. O-O Bf6 11. Bf4 Re8 12. Re1 a6 13. Rc1 Qd7 14. b3 h6 15. Qd2
Be4 16. Nxe4 Rxe4 17. Be3 d5 18. c5 Nc8 19. Bd3 Re8 20. Bb1 N8e7 21. Qd3 Ng6 22.
Nh2 Re6 23. Qd2 Nce7 24. Ng4 Rc6 25. Qd3 Re8 26. Re2 Re6 27. Rce1 Nc6 28. Kf1
Bxd4 29. Bxd4 Rxe2 30. Rxe2 Rxe2 31. Bxg7 Rxf2+ 32. Kxf2 Kxg7 33. Qe3 Qe6 34.
Qxh6+ Kg8 35. Qg5 Kf8 36. Bxg6 fxg6 37. Qf4+ Qf7 38. Ke3 Qxf4+ 39. Kxf4 Nb4 40.
Ke5 Nxa2 41. Kxd5 Nc1 42. Ne5 Kg7 43. b4 Kf6 44. c6 bxc6+ 45. Nxc6 Nd3 46. Ke4
Nf2+ 47. Kd4 Ke6 48. Nb8 Kd6 49. Nxa6 Nh1 50. Nc5 Kc6 51. Ne4 1-0

[Event "Unive Open"]
[Site "Hoogeveen NED"]
[Date "2010.10.28"]
[Round "7"]
[White "Archangelsky, Mikhail"]
[Black "Dolgova, Olga"]
[Result "1-0"]
[WhiteTitle "IM"]
[BlackTitle "WIM"]
[WhiteElo "2212"]
[BlackElo "2262"]
[WhiteFideId "4117573"]
[BlackFideId "4158296"]
[EventDate "2010.10.22"]

1. Nf3 d5 2. d4 Nf6 3. c4 c6 4. Qc2 e6 5. g3 Nbd7 6. Nbd2 Be7 7. Bg2 O-O 8. O-O
b6 9. e4 Nxe4 10. Nxe4 dxe4 11. Qxe4 Bb7 12. Bf4 Nf6 13. Qe5 c5 14. Rad1 cxd4
15. Rxd4 Qc8 16. b3 Qc5 17. Rfd1 a5 18. R4d3 Qa3 19. Qe2 Be4 20. Rd4 Rad8 21.
Rxd8 Rxd8 22. Rxd8+ Bxd8 23. Qd2 Be7 24. Be3 a4 25. bxa4 Qxa4 26. Ne5 Bc2 27.
Nc6 Bf8 28. Qd8 h6 29. Ne7+ Kh7 30. Qxf8 Qxa2 31. h3 Qxc4 32. Qxf7 b5 33. Nc6 e5
34. Qxc4 bxc4 35. Nxe5 Bb3 36. Bd4 Kg8 37. Bf1 Ba4 38. Bxc4+ Kh7 39. Bd3+ Kg8
40. Bg6 Bb5 41. f4 Ba6 42. g4 1-0

[Event "Unive Open"]
[Site "Hoogeveen NED"]
[Date "2010.10.28"]
[Round "7"]
[White "Bijlsma, Nick"]
[Black "Afek, Yochanan"]
[Result "1/2-1/2"]
[BlackTitle "IM"]
[WhiteElo "2138"]
[BlackElo "2269"]
[WhiteFideId "1007041"]
[BlackFideId "2800462"]
[EventDate "2010.10.22"]

1. e4 c5 2. Nf3 Nf6 3. e5 Nd5 4. d4 e6 5. c4 Nb6 6. Nc3 cxd4 7. Qxd4 Nc6 8. Qe4
d5 9. exd6 Bxd6 10. Bg5 Be7 11. Rd1 Bd7 12. Bf4 g5 13. Bc1 f5 14. Qe3 g4 15. Qh6
Bf6 16. Qh5+ Ke7 17. Be3 Qe8 18. Qh6 Qg6 19. Bc5+ Kf7 20. Qxg6+ hxg6 21. Bxb6
Be8 22. Be3 Bxc3+ 23. bxc3 gxf3 24. gxf3 Ne5 25. Bg2 Nxc4 26. f4 Nxe3 27. fxe3
Rc8 28. Rc1 Bc6 29. O-O Bxg2 30. Kxg2 Rhd8 31. Kf3 Rd3 32. Rfd1 Rxd1 33. Rxd1
Ke7 34. Rg1 Kf6 35. Rb1 b6 36. Rb3 e5 37. fxe5+ Kxe5 38. h4 Rc5 39. Ra3 a5 40.
Rb3 b5 41. Rb2 Kd5 42. Kf4 Kc4 43. Rg2 Rc6 44. Ke5 Kxc3 45. Kd5 Rc4 46. Rxg6
Rxh4 47. Kc5 Rh5 48. Kb6 Kb4 49. Rd6 Ka4 50. Rd5 Rh6+ 51. Kc5 Re6 52. Kd4 Re4+
53. Kd3 Rb4 54. Rxf5 Rb2 55. e4 Rxa2 56. e5 Ra1 57. e6 Rd1+ 58. Ke2 Rd8 59. Re5
b4 60. e7 Re8 61. Kd2 Kb3 62. Kc1 a4 63. Kb1 Kc4 64. Kc2 Kd4 65. Rb5 Rc8+ 66.
Kb2 Kc4 67. Re5 Re8 68. Kc2 Kd4 69. Rb5 1/2-1/2

[Event "Unive Open"]
[Site "Hoogeveen NED"]
[Date "2010.10.28"]
[Round "7"]
[White "Van Foreest, Jorden"]
[Black "De Graaf, Dick"]
[Result "0-1"]
[WhiteElo "1954"]
[BlackElo "2225"]
[WhiteFideId "1039784"]
[BlackFideId "1005677"]
[EventDate "2010.10.22"]

1. c4 Nf6 2. Nc3 e6 3. g3 d5 4. cxd5 exd5 5. d4 c6 6. Nf3 Bf5 7. Bg2 h6 8. O-O
Bd6 9. Re1 O-O 10. Bf4 Bxf4 11. gxf4 Ne4 12. Qb3 Qc8 13. Rac1 Nxc3 14. Rxc3 Nd7
15. Ne5 Nf6 16. Rcc1 Rb8 17. Qg3 Qe6 18. f3 Qd6 19. Bh3 Qe6 20. Bg2 Rfd8 21. Kh1
Qe7 22. Qh4 Qb4 23. Rg1 Kf8 24. Bh3 Bxh3 25. Qxh3 Qxd4 26. Qf5 Qxb2 27. Rb1 Qxa2
28. Ra1 Qb2 29. Rab1 Qd4 30. e3 Qxe3 31. Rbe1 Qc3 32. Nxf7 Qxf3+ 33. Rg2 Qxg2+
34. Kxg2 Kxf7 35. Kh1 Re8 36. Rg1 Re7 37. Qg6+ Kf8 38. Rb1 Rbe8 39. Qc2 Re1+ 40.
Rxe1 Rxe1+ 41. Kg2 Re7 42. Qc5 a6 43. Qb6 Kf7 44. Kf3 Ne8 45. Qb4 Nf6 46. Qb6
Ne4 47. Qb4 Rd7 48. h4 Nf6 49. Qd4 a5 50. Qa4 d4 51. Ke2 d3+ 52. Kd2 b5 53. Qa2+
Ke7 54. Qa3+ Ke8 55. Qxa5 Ne4+ 56. Kd1 d2 57. Qa8+ Ke7 58. Qa3+ c5 59. Qf3 Rd4
60. h5 b4 61. Qe3 Kf8 0-1

[Event "Unive Open"]
[Site "Hoogeveen NED"]
[Date "2010.10.28"]
[Round "7"]
[White "Hendriks, Richard"]
[Black "Overeem, Marc"]
[Result "1/2-1/2"]
[BlackTitle "FM"]
[WhiteElo "2110"]
[BlackElo "2224"]
[WhiteFideId "1006096"]
[BlackFideId "1004972"]
[EventDate "2010.10.22"]

1. e4 c5 2. Nf3 d6 3. d4 cxd4 4. Nxd4 Nf6 5. Nc3 Nc6 6. Be2 g6 7. O-O Bg7 8. Nb3
O-O 9. Re1 Be6 10. Bf1 Rc8 11. Bg5 Ne5 12. Nd5 Bxd5 13. exd5 h6 14. Be3 a5 15.
a4 Nc4 16. Bd4 Nb6 17. Bxb6 Qxb6 18. Rxe7 Rfe8 19. Rxe8+ Rxe8 20. Bb5 Re7 21. c4
Ne4 22. Qc2 Nc5 23. Nd2 Re2 24. Rf1 Ne4 25. c5 Rxd2 26. Qxd2 Nxd2 27. cxb6 Nxf1
28. Kxf1 Bxb2 29. Bc6 Bd4 30. Bxb7 1/2-1/2

[Event "Unive Open"]
[Site "Hoogeveen NED"]
[Date "2010.10.28"]
[Round "7"]
[White "Van Geffen, Ben"]
[Black "Stavast, Dick"]
[Result "0-1"]
[WhiteElo "2171"]
[BlackElo "2048"]
[WhiteFideId "1009370"]
[BlackFideId "1014005"]
[EventDate "2010.10.22"]

1. e4 d6 2. d4 g6 3. Nc3 Bg7 4. Be3 Nf6 5. Qd2 c6 6. O-O-O b5 7. f3 O-O 8. h4 h5
9. Nh3 Nbd7 10. Bd3 e5 11. dxe5 Nxe5 12. Be2 Qa5 13. Qxd6 b4 14. Nb1 Be6 15. Qc5
Qxa2 16. Qxb4 Bc4 17. Nc3 Qa6 18. Bxc4 Nxc4 19. Bd4 c5 20. Qxc5 Nxe4 21. f4 Qa1+
22. Nb1 Qxb2+ 0-1